000 01092nam a2200241Ia 4500
999 _c36197
_d36197
001 2100
003 GE_BSU
005 20190506162250.0
008 181216s2011||||ge |||||||||||||| ||geo||
020 _a9789941102899
040 _cGE_BSU
041 _ageo
080 _a347.9 შ–75
100 _aშენგელია, რომანი
_9810
245 _aმემკვიდრეობის სამართალი :
_bთეორია და პრაქტიკა /
_cრომან შენგელია, ეკატერინე შენგელია ; რედ. ჯონი ხეცურიანი.
250 _aმე-2 გამოცემა.
300 _a343 გვ.;
_b21 სმ.
653 _aსამართალი
653 _aმემკვიდრეობის სამართალი
700 _aშენგელია, ეკატერინე
_eავტორი
_9811
700 _aხეცურიანი, ჯონი,
_dიურისტი,
_eრედაქტორი
_9812
942 _cBK
_2udc